Theatrical design and production : an introduction to scenic design and construction, lighting, sound, costume, and makeup

Saved in:
Bibliografiske detaljer
Hovedforfatter: GILLETTE, Michael
Format: Bog
Sprog:engelsk
Udgivet: McGraw-Hill Higher Education 2021
Tags: Tilføj Tag
Ingen Tags, Vær først til at tagge denne postø!

MARC

LEADER 00000nam a22000007a 4500
008 240531b |||||||| |||| 00| 0 eng d
020 |a 9781260566260 
100 |a GILLETTE, Michael 
245 |a Theatrical design and production  |b  : an introduction to scenic design and construction, lighting, sound, costume, and makeup  |c  / J. Michael Gillette,Rich Dionne  |g v,615p;ill 
250 |b 8th 
260 |b McGraw-Hill Higher Education  |c 2021  |h New York  |i 701262  |i 701263  |i 701264  |i 701265  |i 701266  |l PN2085.G38  |m Stage management.   |m Theater--Production and direction.  |m Theaters--Stage-setting and scenery. 
500 |a Includes bibliographical references and index 
942 |a lcc  |c BK  |e JOHNSON  |f 31/05/24 
952 |0 0  |1 0  |2 lcc  |4 0  |6 PN2085 G38  |7 0  |9 5216  |a ART  |b HOL  |c LP  |d 2024-05-31  |l 0  |o PN2085.G38  |p 2024-0461  |r 2024-05-31 00:00:00  |t 701262  |w 2024-05-31  |y BK 
952 |0 0  |1 0  |2 lcc  |4 0  |6 PN2085 G38  |7 0  |9 5217  |a ART  |b HOL  |c LP  |d 2024-05-31  |l 0  |o PN2085.G38  |p 2024-0462  |r 2024-05-31 00:00:00  |t 701263  |w 2024-05-31  |y BK 
952 |0 0  |1 0  |2 lcc  |4 0  |6 PN2085 G38  |7 0  |9 5218  |a HOL  |b HOL  |c LP  |d 2024-05-31  |l 0  |o PN2085.G38  |p 2024-0463  |r 2024-05-31 00:00:00  |t 701264  |w 2024-05-31  |y BK 
952 |0 0  |1 0  |2 lcc  |4 0  |6 PN2085 G38  |7 0  |9 5219  |a HOL  |b HOL  |c LP  |d 2024-05-31  |l 0  |o PN2085.G38  |p 2024-0464  |r 2024-05-31 00:00:00  |t 701265  |w 2024-05-31  |y BK 
952 |0 0  |1 0  |2 lcc  |4 0  |6 PN2085 G38  |7 0  |9 5220  |a HOL  |b HOL  |c LP  |d 2024-05-31  |l 0  |o PN2085.G38  |p 2024-0465  |r 2024-05-31 00:00:00  |t 701266  |w 2024-05-31  |y BK 
999 |c 2591  |d 2591